00771nam a2200217Ia 4500008004100000020001500041082001500056100002000071245002100091250000800112260002700120300001200147500002400159650001600183700001600199942000700215952010200222952010700324952010700431999001500538230524s9999 xx 000 0 und d a8188429864 a621.3bPOO aS.Poornachandra 0aElectron Devices a1ST aCNENNAIbScitechc1999 aXII;308 aQuantity Number: 1 aElectronics a B.Sasikala cBK 00104070aTATCLbTATCLcGENd2023-05-24l0o621.3 POOp1502r2023-05-24w2023-05-24yBKzBE2102 00104070aTATCLbTATCLcGENd2023-05-24l0o621.3821 SASp6902r2023-05-24w2023-05-24yBKzCPEC5203 00104070aTATCLbTATCLcGENd2023-05-24l0o621.3821 SASp6903r2023-05-24w2023-05-24yBKzCPEC5203 c8982d8982